| 000 | 02328cam0 2200517 ib4500 | ||
|---|---|---|---|
| 001 | BY-HR0000-br87924315 | ||
| 005 | 20260424113758.0 | ||
| 010 |
^a978-985-15-6055-0 ^bв переплете |
||
| 035 | ^a(BY-MI0000)BY-HR0000-br87924315 | ||
| 100 | ^a20260408d2025 c y0rusy50 ca | ||
| 101 | 1 |
^arus ^cger |
|
| 102 | ^aBY | ||
| 105 | ^aac z 000zy | ||
| 109 | ^ada | ||
| 181 | 0 | ^ai3 | |
| 181 | 0 |
^ab1 ^b b2 |
|
| 182 | 0 | ^an | |
| 200 | 1 |
^aБезопасность в сети ^eкак защитить себя от насилия и мошенничества ^e[для младшего школьного возраста] ^fДагмар Гайслер ^gиллюстратор Н. Ренгер ^g[перевод с немецкого Алексея Зайцева] |
|
| 203 |
^aТекст ^aИзображение ^bнеподвижное ^bдвухмерное ^cнепосредственные |
||
| 210 |
^aМинск ^cПопурри ^d2025 |
||
| 215 |
^a39 с. ^cцв. ил. ^d25 см |
||
| 333 | ^a6+ | ||
| 345 | ^92500 экз. | ||
| 606 |
^aДЕТИ ^3BY-NLB-ar9009 ^2DVNLB |
||
| 606 |
^aИНТЕРНЕТ ^3BY-NLB-ar43490 ^2DVNLB |
||
| 606 |
^aКИБЕРПРОСТРАНСТВО ^3BY-NLB-ar71938 ^2DVNLB |
||
| 606 |
^aЖЕСТОКОСТЬ ^3BY-NLB-ar62765 ^2DVNLB |
||
| 606 |
^aМОШЕННИЧЕСТВО ^3BY-NLB-ar19101 ^2DVNLB |
||
| 606 |
^aНАСИЛИЕ ^3BY-NLB-ar19736 ^2DVNLB |
||
| 606 |
^aБУЛЛИНГ ^2DVNLB ^3BY-NLB-ar9674287 |
||
| 606 |
^aИНФОРМАЦИОННАЯ ГИГИЕНА ^2DVNLB ^3BY-NLB-ar5318754 |
||
| 606 |
^aИНФОРМАЦИОННАЯ БЕЗОПАСНОСТЬ ^3BY-NLB-ar63820 ^2DVNLB |
||
| 608 |
^aРАССКАЗ ^2BYGNR ^3BY-NLB-ar27475 |
||
| 608 |
^aДЕТСКАЯ И ЮНОШЕСКАЯ ЛИТЕРАТУРА (художеств. произведение) ^3BY-NLB-ar9019 ^2BYGNR |
||
| 615 |
^aБелорусский национальный документ ^3BY-SEK-ar1826174 |
||
| 686 |
^a16.8 ^2rubbk |
||
| 690 |
^a1 ^2Base ^9BY-MI0000 ^xRSEK |
||
| 700 | 1 |
^aГайслер ^bД. |
|
| 702 | 1 |
^aРенгер ^bН. ^gНиколай ^4440 |
|
| 702 | 1 |
^aЗайцев ^bА. ^gАлексей ^4730 |
|
| 801 | 0 |
^aBY ^bBY-HR0000 ^c20260408 ^gRCR |
|
| 801 | 2 |
^aBY ^bBY-MI0000 ^c20260414 ^gRCR |
|
| 899 | 0 |
^aBY-MI0000 ^iГ14 ^h16 |
|